Villes de Provence-Alpes-Côte-d'Azur A-Z - Statistiques

Statistiques générales
  • Ce quiz a été pris 472 fois
    92 depuis la dernière actualisation
  • Le résultat moyen est 11 sur 21
Statistiques - réponses
Ville Population Département % Correct
M Marseille 886 000 Bouches-du-Rhône 13
98%
N Nice 358 000 Alpes-Maritimes 06
96%
T Toulon 179 000 Var 83
91%
C Cannes 74 000 Alpes-Maritimes 06
88%
A Aix-en-Provence 150 000 Bouches-du-Rhône 13
87%
F Fréjus 60 000 Var 83
74%
H Hyères 56 000 Var 83
73%
I Istres 43 000 Bouches-du-Rhône 13
67%
D Draguignan 41 000 Var 83
64%
G Grasse 51 000 Alpes-Maritimes 51
62%
O Orange 30 000 Vaucluse 84
56%
V Vitrolles 37 000 Bouches-du-Rhône 13
44%
B Brignoles 18 000 Var 83
42%
L La-Seyne-sur-Mer 64 000 Var 83
39%
S Salon-de-Provence 44 000 Bouches-du-Rhône 13
39%
P Pertuis 18 000 Vaucluse 84
21%
R Rognac 13 000 Bouches-du-Rhöne 13
16%
Q Quinson < 1 000 Alpes-de-Haute-Provence 04
7%
E Entraigues-sur-la-Sorgue 9 000 Vaucluse 84
6%
J Jonquières 5 000 Vaucluse 84
6%
U Uchaux 2 000 Vaucluse 84
4%
Aucun quiz correspondant
Distribution des résultats
% des personnes avec chaque résultat
Percentile par nombre de réponses
Votre historique - résultats
Vous n’avez pas pris ce quiz depuis la dernière actualisation